[Event "SRB-chT Central"]
[Site "Kragujevac"]
[Date "2013.09.14"]
[Round "1.4"]
[White "Kahrovic, Mersid"]
[Black "Milenkovic, Mladen"]
[Result "0-1"]
[WhiteElo "2298"]
[BlackElo "2381"]
[PlyCount "140"]
[EventDate "2013.09.14"]
[EventType "team-tourn"]
[EventRounds "11"]
[EventCountry "SRB"]
[SourceTitle "CBM 156 Extra"]
[Source "ChessBase"]
[SourceDate "2013.10.22"]
[SourceVersion "1"]
[SourceVersionDate "2013.10.22"]
[SourceQuality "1"]
[WhiteTeam "Prijepolje Priko"]
[BlackTeam "Petrovac Sloga"]
[WhiteTeamCountry "SRB"]
[BlackTeamCountry "SRB"]

1. e4 c5 2. Nf3 Nc6 3. g3 g6 4. Bg2 Bg7 5. 0-0 d6 6. h3 e5 7. d3 Nge7 8. Nc3 0-0 9. Be3 Nd4 10. Ne1 Be6 11. Qd2 Qd7 12. Kh2 f5 13. exf5 Ndxf5 14. Nf3 h6 15. Ne4 b6 16. c4 d5 17. cxd5 Nxd5 18. g4 Nfxe3 19. fxe3 Rad8 20. a3 Nf6 21. Ng3 Nh7 22. Nh4 Rxf1 23. Rxf1 Nf8 24. Be4 Bf7 25. Qf2 Qe6 26. Qf3 Nh7 27. Qe2 Ng5 28. Nf3 Nxe4 29. Nxe4 c4 30. dxc4 Qxc4 31. Qxc4 Bxc4 32. Rc1 Bd5 33. Rd1 Rd7 34. Nh4 Kh7 35. Kg3 Bc6 36. Rxd7 Bxd7 37. Nc3 e4 38. Ng2 Be5+ 39. Kf2 g5 40. Ne1 Kg6 41. Nxe4 Bxb2 42. Nd3 Bg7 43. Nd6 Kf6 44. e4 Bf8 45. Nf5 a5 46. Ke3 Bxa3 47. Kd4 Bf8 48. Kd5 Be6+ 49. Kc6 Bc4 50. e5+ Kg6 51. Nb2 Bf1 52. Kxb6 Bxh3 53. Ne3 Bb4 54. Kc6 h5 55. gxh5+ Kxh5 56. Kd5 g4 57. Nd3 g3 58. Nf4+ Kh4 59. e6 a4 60. Kc4 Bd6 61. e7 Bd7 62. Ned5 Kg4 63. Ne2 Kf3 64. Ng1+ Kg2 65. Ne2 Kf2 66. Nef4 g2 67. Nh3+ Kg3 68. Ng1 Bc6 69. Kc3 Kh2 70. Nf3+ Kh1 0-1